Statistics for Movies by Picture Riddles #1

Click here to take the quiz!

General Stats

  • This quiz has been taken 82 times
  • The average score is 5 of 16

Answer Stats

Answer% Correct
Black Hawk Down
53%
Scarface
53%
Napoleon Dynamite
50%
A Beautiful Mind
43%
Blade Runner
43%
Sherlock Holmes
39%
American Psycho
29%
Borat
29%
Shutter Island
29%
The English Patient
28%
Captain Phillips
18%
Ghandi
18%
Chicago
9%
Double Jeopardy
5%
Ice Age
3%
Walking Tall
3%

Score Distribution

Percentile by Number Answered

Percent of People with Each Score

Your Score History

You have not taken this quiz